| 000 | 00771am a2200277a 44500 | ||
|---|---|---|---|
| 003 | AR-BaBNM | ||
| 005 | 20251128203027.0 | ||
| 008 | 237019s1968 #AR|||||||||||000 | spa|| | ||
| 040 | _cAR-BaBNM | ||
| 100 | 1 | _aLefèvre, Lucien | |
| 245 | 1 | 0 | _aLabor psicológica del educador |
| 260 |
_aBuenos Aires _bRuy Díaz _c1968 |
||
| 300 |
_a173 p. _btablas |
||
| 650 | 4 | _aTEORIAS DE LA EDUCACION | |
| 650 | 4 | _aRELACION ALUMNO-DOCENTE | |
| 650 | 4 | _aASESORAMIENTO DEL DOCENTE | |
| 650 | 4 | _aROL DEL DOCENTE | |
| 650 | 4 | _aPSICOLOGIA DE LA EDUCACION | |
| 650 | 4 | _aDESARROLLO DEL NIÑO | |
| 650 | 4 | _aOBSERVACION | |
| 650 | 4 | _aPRUEBAS DE RENDIMIENTO | |
| 700 | 1 |
_aSainz-Amor, Concepción _etraductor |
|
| 700 | 1 |
_aMonod, G. _eprologuista |
|
| 942 | _cBK | ||
| 998 | _cSILVI | ||
| 999 |
_c1577 _d1577 |
||